Сточные воды гидролизных заводов и очистка их биологическим способом; Сборник трудов Всесоюзного научно-исследовательского института гидролизной и сульфитно-спиртовой промышленности (ВНИИГС); Том 16

Bibliografiske detaljer
Parent link:Сборник трудов Всесоюзного научно-исследовательского института гидролизной и сульфитно-спиртовой промышленности (ВНИИГС)/ Всесоюзный научно-исследовательский институт гидролизной и сульфитно-спиртовой промышленности (ВНИИГС).— , 1965-1967
Том 16.— 1967.— С. 237-253
Hovedforfatter: Друблянец Э. Э.
Sprog:russisk
Udgivet: 1967
Format: MixedMaterials Book Chapter
KOHA link:https://koha.lib.tpu.ru/cgi-bin/koha/opac-detail.pl?biblionumber=195686

MARC

LEADER 00000naa2a2200000 4500
001 195686
005 20231031182903.0
035 |a (RuTPU)RU\TPU\book\213499 
035 |a RU\TPU\book\213492 
090 |a 195686 
100 |a 20110513d1967 k y0rusy50 ca 
101 0 |a rus 
102 |a RU 
200 1 |a Сточные воды гидролизных заводов и очистка их биологическим способом  |f Э. Э. Друблянец 
320 |a Библиогр.: с. 251-253 (47 назв.) 
461 0 |0 (RuTPU)RU\TPU\book\213269  |t Сборник трудов Всесоюзного научно-исследовательского института гидролизной и сульфитно-спиртовой промышленности (ВНИИГС)  |f Всесоюзный научно-исследовательский институт гидролизной и сульфитно-спиртовой промышленности (ВНИИГС)  |d 1965-1967 
463 0 |0 (RuTPU)RU\TPU\book\213457  |t Том 16  |f под ред. Ю. А. Цирлина  |v С. 237-253  |d 1967  |p 337 с. 
700 1 |a Друблянец  |b Э. Э. 
801 1 |a RU  |b 63413507  |c 20110512 
801 2 |a RU  |b 63413507  |c 20111007  |g RCR 
942 |c BK